| 000 | 00374nam a2200145Ia 4500 | ||
|---|---|---|---|
| 008 | 210210b1969 xxu||||| |||| 00| 0 eng d | ||
| 082 | _a181 MULS | ||
| 100 | _aMULLER (F Max). | ||
| 245 | _aSacred books of the east.V33:The minor law books. | ||
| 260 |
_aN D _bMotilal Banarsidass _c1969 |
||
| 300 | _aix,396 | ||
| 650 | _aLaws | ||
| 690 | _aPhilosophy | ||
| 906 | _aSG01812 | ||
| 999 |
_c112636 _d112636 |
||